| 000 | 00473nam a22001937a 4500 | ||
|---|---|---|---|
| 003 | MPLRDC | ||
| 005 | 20220104144405.0 | ||
| 008 | 210129b ||||| |||| 00| 0 eng d | ||
| 020 | _a957-725-247-8 | ||
| 082 | _a947.47 TZBEX-79 | ||
| 100 | _a藤子不二雄 | ||
| 245 |
_a神奇小叮当 _c |
||
| 250 | _a一版三刷 | ||
| 260 |
_a _b大然文化 _c1996 |
||
| 300 | _b平 | ||
| 490 | _a神奇小叮当 | ||
| 650 | _a哆啦A梦漫画 | ||
| 942 |
_cBK _o947.47 TZBEX-79 |
||
| 999 |
_c49154 _d49144 |
||